000 00814nam a22002657a 4500
001 BS2023000639
003 BR-BrBNA
005 20231214135621.0
008 231214b bl.||||| |||| 00| 0 por d
020 _a85-03-00589-1
040 _aBR-BrBNA
_bpor
041 _apor
072 _aU00
100 _4aut.
_aSorell, Nancy Caldwell; Sorel, Edward
245 _aPrimeiros encontros :
_bUm livro de encontros memoráveis /
_cNancy Caldwell Sorel e Edward Sorel
250 _a2 ed.
260 _aRio de Janeiro, RJ :
_bJosé Olympio,
_c1996.
300 _a129 p. ;
_bil.
650 _aCELEBRIDADES - CARICATURAS E DESENHOS HUMORÍSTICOS
650 _aCELEBRIDADES - ANEDOTAS
650 _aHUMORISMO NORTE-AMERICANO
909 _a202312
_bAna Lívia
942 _cBK
999 _c260037
_d260037